00717cam a22002413a 450000100060000000300060000600500170001200800410002904000150007004200070008505000070009205000070009910000510010624500830015726000290024050600300026951600200029965300220031965300220034174000410036383000290040485600420043334081PGUSA20140828083733.0101017s2010||||xxu|||||s|||||000 | eng d aPGUSAbeng adc 4aPB 4aBL1 aRolleston, T. W.q(Thomas William),d1857-192010aMyths and Legends of the Celtic Raceh[electronic resource] /cT. W. Rolleston bProject Gutenberg,c2010 aPublic domain in the USA. aElectronic text aMythology, Celtic aCelts -- Religion0 aMyths and Legends of the Celtic Race 0aProject Gutenbergv3408140uhttp://www.gutenberg.org/ebooks/34081